LIBRARY & INFORMATION CENTRE, KCAET, TAVANUR

ONLINE PUBLIC ACCESS CATALOGUE (OPAC)

Irrigation theory and practice (Record no. 15317)

MARC details
000 -LEADER
fixed length control field 00291nam a22001217a 4500
020 ## - INTERNATIONAL STANDARD BOOK NUMBER
ISBN 0706928105
082 ## - DEWEY DECIMAL CLASSIFICATION NUMBER
Classification number 631.587
Item number MIC/IR
100 ## - MAIN ENTRY--AUTHOR NAME
Personal name MICHAEL, A. M
245 ## - TITLE STATEMENT
Title Irrigation theory and practice
260 ## - PUBLICATION, DISTRIBUTION, ETC. (IMPRINT)
Place of publication New Delhi
Name of publisher Vani Educational Books
Year of publication 1985
300 ## - PHYSICAL DESCRIPTION
Number of Pages 801
942 ## - ADDED ENTRY ELEMENTS (KOHA)
Koha item type Books
Holdings
Withdrawn status Lost status Damaged status Home library Current library Shelving location Date acquired Full call number Accession Number Koha item type
      KAUAET KAUAET Binding Shelf 26/03/1986 631.587 MIC/IR 15205 Books
free website counter